| 000 -LEADER |
| fixed length control field |
00738cam a22002534a 4500 |
| 001 - CONTROL NUMBER |
| control field |
26 |
| 003 - CONTROL NUMBER IDENTIFIER |
| control field |
BD-DhUAP |
| 005 - DATE AND TIME OF LATEST TRANSACTION |
| control field |
20201215164027.0 |
| 008 - FIXED-LENGTH DATA ELEMENTS--GENERAL INFORMATION |
| fixed length control field |
201123s1988 nyuab b 001 0 eng |
| 020 ## - INTERNATIONAL STANDARD BOOK NUMBER |
| International Standard Book Number |
0444426094 |
| 020 ## - INTERNATIONAL STANDARD BOOK NUMBER |
| International Standard Book Number |
0444417028 |
| 040 ## - CATALOGING SOURCE |
| Original cataloging agency |
DLC |
| Transcribing agency |
DLC |
| Modifying agency |
BD-DhUAP |
| Language of cataloging |
eng |
| 082 00 - DEWEY DECIMAL CLASSIFICATION NUMBER |
| Classification number |
577.7 CON |
| Edition number |
23 |
| 245 00 - TITLE STATEMENT |
| Title |
Continental shelves / |
| Statement of responsibility, etc. |
edited by H. Postma and J. J. Zijlstra. |
| 260 ## - PUBLICATION, DISTRIBUTION, ETC. |
| Place of publication, distribution, etc. |
New York : |
| Name of publisher, distributor, etc. |
Elsevier, |
| Date of publication, distribution, etc. |
c1988. |
| 300 ## - PHYSICAL DESCRIPTION |
| Extent |
x, 421 pages : |
| Other physical details |
illustrations : |
| Dimensions |
27 cm. |
| 490 ## - SERIES STATEMENT |
| Series statement |
Ecosystems of the world ; |
| Volume/sequential designation |
27 |
| 504 ## - BIBLIOGRAPHY, ETC. NOTE |
| Bibliography, etc. note |
Includes bibliographical references and indexes. |
| 650 #0 - SUBJECT ADDED ENTRY--TOPICAL TERM |
| Topical term or geographic name entry element |
Marine ecology. |
| 650 #0 - SUBJECT ADDED ENTRY--TOPICAL TERM |
| Topical term or geographic name entry element |
Continental shelf. |
| 700 1# - ADDED ENTRY--PERSONAL NAME |
| Personal name |
Postma, H. |
| 700 1# - ADDED ENTRY--PERSONAL NAME |
| Personal name |
Zijlstra, J. J. |
| 942 ## - ADDED ENTRY ELEMENTS (KOHA) |
| Source of classification or shelving scheme |
|
| Koha item type |
Book |